Selections from Bengal government records on Wahhabi trials (1863-1870) (Record no. 56490)

MARC details
000 -LEADER
fixed length control field 00801cam a22002531 4500
001 - CONTROL NUMBER
control field sa 64000928
003 - CONTROL NUMBER IDENTIFIER
control field DLC
005 - DATE AND TIME OF LATEST TRANSACTION
control field 20260227111959.0
008 - FIXED-LENGTH DATA ELEMENTS--GENERAL INFORMATION
fixed length control field 770209s1961 pk a 000 0 eng
010 ## - LIBRARY OF CONGRESS CONTROL NUMBER
LC control number sa 64000928
035 ## - SYSTEM CONTROL NUMBER
System control number (OCoLC)2727726
040 ## - CATALOGING SOURCE
Original cataloging agency DLC
Transcribing agency ViU
Modifying agency DLC
042 ## - AUTHENTICATION CODE
Authentication code premarc
050 00 - LIBRARY OF CONGRESS CALL NUMBER
Classification number KNS40.P64
Item number A36 1961
100 2# - MAIN ENTRY--PERSONAL NAME
Personal name Ahmad Khan, Muin-ud-din,
Relator term ed.
245 10 - TITLE STATEMENT
Title Selections from Bengal government records on Wahhabi trials (1863-1870)
250 ## - EDITION STATEMENT
Edition statement [1st ed.]
260 ## - PUBLICATION, DISTRIBUTION, ETC.
Place of publication, distribution, etc. Dacca,
Date of publication, distribution, etc. 1961.
300 ## - PHYSICAL DESCRIPTION
Extent xviii, 429 p.
Other physical details illus., tables.
Dimensions 24 cm.
410 20 - SERIES STATEMENT/ADDED ENTRY--CORPORATE NAME [OBSOLETE, CAN/MARC], [LOCAL, USA]
Corporate name or jurisdiction name as entry element Asiatic Society of Pakistan.
Title of a work Publication,
Volume number/sequential designation no. 8
500 ## - GENERAL NOTE
General note Stamped on t. p.: Tippera Book Depot, Dacca.
650 #0 - SUBJECT ADDED ENTRY--TOPICAL TERM
Topical term or geographic name entry element Trials (Political crimes and offenses)
Geographic subdivision India
-- Bengal.
650 #0 - SUBJECT ADDED ENTRY--TOPICAL TERM
Topical term or geographic name entry element Wahhābīyah.

No items available.

Powered by Koha